000 00558nam a2200217 a 4500
001 BRCA_7876
005 20190320210032.0
008 191113s1965----nyua######---#000-0#eng-#
041 _aeng
044 _anyu
050 4 _aN600
_b.Ch36 1965
100 1 _aChanin, A. L.
_919481
245 1 0 _aArt guide
_bNew York
_cA. L. Chanin.
260 _aNueva York
_bHorizon
_cc1965
300 _a320 p.
_bil.
_c22 cm.
500 _aY146
650 1 4 _aArte
_zNueva York
_910583
650 1 4 _aGalerĂ­as y museos
_zEstados Unidos
_97437
902 _aGFM
942 _2lcc
_cB
999 _c7550
_d7550